000 00177 a2200097 4500
020 _a9788499511368
041 _aspa
100 _aDISNEY
245 _aWinnie hte Poo
942 _cK
999 _c26463
_d26463